Missing Word: Written by Women Quiz Stats

 Plays Quiz Updated May 10, 2018

Score 0/20 Timer 03:00
1 Play Today
Title Missing Word % Correct
To Kill a ____Mockingbird
97.3%
Wuthering ____Heights
94.1%
____ and DayNight
86.7%
____ ShruggedAtlas
82.4%
Pretty Little ____Liars
76.8%
____ of SolomonSong
71.6%
Are You There God? It's Me, ____Margaret
68.9%
The ____ EarthGood
66.7%
We Need to Talk About ____Kevin
48.5%
The Deep End of the ____Ocean
47.1%
Title Missing Word % Correct
____ Sargasso SeaWide
45.6%
The Poisonwood ____Bible
44.3%
____ on a TrainStrangers
43.9%
The ____ Pains of Adrian MoleGrowing
42.7%
The ____ on the FlossMill
39.7%
Faces in the ____Crowd
36.5%
The Casual ____Vacancy
33.8%
Cat's ____Eye
30.1%
The ____ HistorySecret
16.8%
The Golden ____Notebook
13.6%

Today's Daily Dose

Missing Word
Celine Dion

Word Ladder
Dr. Seuss Books

Quick Pick
Cities in India

Get the Picture
'A' Actresses

You're not logged in!

Compare scores with friends on all Sporcle quizzes.
OR
Log In

Sporcle TV

Today on Sporcle TV


Watch our educational content, quiz creation guides, and fun videos on Sporcle TV.

Show Comments

Extras

Top Quizzes Today


Score Distribution

Your Account Isn't Verified!

In order to create a playlist on Sporcle, you need to verify the email address you used during registration. Go to your Sporcle Settings to finish the process.

Report this User

Report this user for behavior that violates our Community Guidelines.

Details: